000 00293nam a2200121Ia 4500
008 201210s9999 xx 000 0 und d
100 _aPiskunov, N.
245 0 _aDifferential and Integral Calculus
260 _aMoscow
_bMir Publishers
_c1981
300 _a576
490 _vVol-II
942 _cBK
999 _c5209
_d5209